000 00625nam a2200205 i 4500
001 59469
003 ES-MaACL
005 20250724063407.0
007 t|
008 031029s1910 xxk e |||| | eng d
245 0 4 _aThe Encyclopaedia Britannica
_b: a dictionary of arts, sciences, literature and general information.
250 _a9th ed.
260 _aCambridge :
_bUniversity Press,
_c1910 (
_eLondon :
_fFetter Lane)
300 _a30 v. ;
_c29 cm.
500 _aFaltan los volúmenes XXX y XXXI
650 _aEnciclopedias.
_912235
852 _aES-MaACL
_jB-1083-1112
942 _2udc
999 _c59469
_d59469